[Event "Barcelona Sants op 17th"]
[Site "Barcelona"]
[Date "2015.08.29"]
[Round "9"]
[White "Forgues, Fabien"]
[Black "Majdan, Joanna"]
[Result "1/2-1/2"]
[WhiteElo "2187"]
[BlackElo "2391"]
[PlyCount "48"]
[EventDate "2015.08.21"]
[EventType "swiss"]
[EventRounds "10"]
[EventCountry "ESP"]
[SourceTitle "EXT 2016"]
[Source "ChessBase"]
[SourceDate "2015.10.08"]
[SourceVersion "1"]
[SourceVersionDate "2015.10.08"]
[SourceQuality "1"]

1. e4 c5 2. Nf3 Nc6 3. d4 cxd4 4. Nxd4 Nf6 5. Nc3 d6 6. Bg5 e6 7. Qd2 a6 8. 0-0-0 Bd7 9. f3 Rc8 10. Nxc6 Bxc6 11. Kb1 Qc7 12. Bd3 Be7 13. h4 h6 14. Be3 Nd7 15. g4 Ne5 16. Be2 b5 17. f4 Nc4 18. Bxc4 bxc4 19. g5 Qb7 20. Qd4 Bf8 21. Ka1 Rb8 22. Bc1 Rc8 23. Be3 Rb8 24. Bc1 Rc8 1/2-1/2

[Event "Barcelona Sants op 17th"]
[Site "Barcelona"]
[Date "2015.08.22"]
[Round "2"]
[White "Forgues, Fabien"]
[Black "Gallego Alcaraz, Andres Felipe"]
[Result "0-1"]
[WhiteElo "2187"]
[BlackElo "2443"]
[PlyCount "46"]
[EventDate "2015.08.21"]
[EventType "swiss"]
[EventRounds "10"]
[EventCountry "ESP"]
[SourceTitle "EXT 2016"]
[Source "ChessBase"]
[SourceDate "2015.10.08"]
[SourceVersion "1"]
[SourceVersionDate "2015.10.08"]
[SourceQuality "1"]

1. e4 c5 2. Nf3 Nc6 3. d4 cxd4 4. Nxd4 e5 5. Nb5 d6 6. N1c3 a6 7. Na3 Be7 8. Nd5 Nf6 9. Nxf6+ Bxf6 10. Nc4 0-0 11. c3 Be7 12. Ne3 Be6 13. h4 Qd7 14. g3 Bd8 15. Bg2 Ne7 16. 0-0 Bb6 17. Qe2 Rac8 18. Nd5 Nxd5 19. exd5 Bg4 20. Bf3 Bxf3 21. Qxf3 f5 22. Be3 Bd8 23. Rae1 Rc4 0-1

[Event "Creon op 16th"]
[Site "Creon"]
[Date "2011.08.04"]
[Round "6"]
[White "Forgues, Fabien"]
[Black "Cazeaux, Didier"]
[Result "1-0"]
[WhiteElo "2175"]
[BlackElo "1855"]
[PlyCount "79"]
[EventDate "2011.08.01"]
[EventType "swiss"]
[EventRounds "9"]
[EventCountry "FRA"]
[SourceTitle "CBM 143 Extra"]
[Source "ChessBase"]
[SourceDate "2011.08.29"]
[SourceVersion "1"]
[SourceVersionDate "2011.08.29"]
[SourceQuality "1"]

1. e4 d5 2. exd5 Qxd5 3. Nc3 Qa5 4. d4 Nf6 5. Nf3 Bf5 6. Bc4 e6 7. Bd2 c6 8. Qe2 Bb4 9. a3 Nbd7 10. 0-0 Bxc3 11. Bxc3 Qc7 12. b4 Nb6 13. Bb3 Nbd5 14. Bb2 Nf4 15. Qe5 Qxe5 16. Nxe5 Be4 17. f3 Bg6 18. g3 N4d5 19. c4 Ne3 20. Rfe1 Nc2 21. Bxc2 Bxc2 22. Rac1 Ba4 23. Nd3 a5 24. d5 cxd5 25. Bxf6 gxf6 26. cxd5 Bb5 27. Nc5 b6 28. Ne4 0-0 29. Nxf6+ Kg7 30. Nh5+ Kh6 31. dxe6 fxe6 32. Rxe6+ Kxh5 33. Re5+ Kg6 34. Rxb5 Rxf3 35. Rxb6+ Kg7 36. Rc7+ Kg8 37. Rbb7 axb4 38. Rg7+ Kh8 39. Rxh7+ Kg8 40. axb4 1-0

[Event "FRA-ch Accession"]
[Site "Nimes"]
[Date "2009.08.19"]
[Round "8"]
[White "Lebreton, Flavien"]
[Black "Forgues, Fabien"]
[Result "1/2-1/2"]
[WhiteElo "2012"]
[BlackElo "2184"]
[PlyCount "65"]
[EventDate "2009.08.11"]
[EventType "swiss"]
[EventRounds "9"]
[EventCountry "FRA"]
[SourceTitle "CBM 132 Extra"]
[Source "ChessBase"]
[SourceDate "2009.11.03"]
[SourceVersion "1"]
[SourceVersionDate "2009.11.03"]
[SourceQuality "1"]

1. d4 Nf6 2. c4 e6 3. Nf3 b6 4. g3 Bb7 5. Bg2 Be7 6. 0-0 0-0 7. Nc3 Ne4 8. Nxe4 Bxe4 9. Bf4 d6 10. Rc1 Nd7 11. Qa4 f5 12. Ne1 Bxg2 13. Nxg2 Bf6 14. Rfd1 Rf7 15. c5 bxc5 16. dxc5 d5 17. Qc6 Nf8 18. b4 Qe8 19. Qxe8 Rxe8 20. Be3 c6 21. Rb1 a6 22. Rd3 Nd7 23. Ra3 Nb8 24. Rab3 e5 25. a4 Rc7 26. f4 e4 27. Rd1 Rd8 28. Bd4 Bxd4+ 29. Rxd4 Rcd7 30. Ne3 g6 31. Nc2 Rb7 32. Re3 Nd7 33. Rc3 1/2-1/2

[Event "FRA-ch Accession"]
[Site "Nimes"]
[Date "2009.08.13"]
[Round "3"]
[White "Jolly, Jean Francois"]
[Black "Forgues, Fabien"]
[Result "1-0"]
[WhiteElo "2366"]
[BlackElo "2184"]
[PlyCount "39"]
[EventDate "2009.08.11"]
[EventType "swiss"]
[EventRounds "9"]
[EventCountry "FRA"]
[SourceTitle "CBM 132 Extra"]
[Source "ChessBase"]
[SourceDate "2009.11.03"]
[SourceVersion "1"]
[SourceVersionDate "2009.11.03"]
[SourceQuality "1"]

1. d4 Nf6 2. c4 e6 3. Nc3 Bb4 4. Qc2 c5 5. dxc5 0-0 6. a3 Bxc5 7. Nf3 Qc7 8. Bg5 Be7 9. e3 Na6 10. Bd3 h6 11. h4 d6 12. 0-0-0 b6 13. Nd4 Bb7 14. f4 Nc5 15. Nb3 Ncd7 16. Qe2 Rfe8 17. Kb1 Bf8 18. Rh3 hxg5 19. Bh7+ Kh8 20. hxg5 1-0

[Event "FRA-ch Accession"]
[Site "Nimes"]
[Date "2009.08.12"]
[Round "2"]
[White "Forgues, Fabien"]
[Black "Rabineau, Clement"]
[Result "1/2-1/2"]
[WhiteElo "2184"]
[BlackElo "2263"]
[PlyCount "104"]
[EventDate "2009.08.11"]
[EventType "swiss"]
[EventRounds "9"]
[EventCountry "FRA"]
[SourceTitle "CBM 132 Extra"]
[Source "ChessBase"]
[SourceDate "2009.11.03"]
[SourceVersion "1"]
[SourceVersionDate "2009.11.03"]
[SourceQuality "1"]

1. e4 d5 2. exd5 Qxd5 3. Nc3 Qd6 4. d4 Nf6 5. Nf3 a6 6. h3 b5 7. a3 Bb7 8. Be3 Nbd7 9. g3 e6 10. Bg2 c5 11. dxc5 Qxd1+ 12. Rxd1 Bxc5 13. Bxc5 Nxc5 14. 0-0 Ke7 15. Ne5 Rac8 16. Rd4 Bxg2 17. Kxg2 Rc7 18. Rfd1 Rhc8 19. R1d2 Nfd7 20. Nxd7 Nxd7 21. a4 Nb6 22. axb5 axb5 23. Rb4 Rc5 24. Rxb5 Rxb5 25. Nxb5 Nc4 26. Re2 Nxb2 27. Nd4 Nc4 28. f4 Kd6 29. Nf3 Na3 30. Ne1 Rc3 31. Rd2+ Ke7 32. Rd3 Rxd3 33. cxd3 Kd6 34. Kf2 Kd5 35. Ke3 h6 36. Nf3 Nc2+ 37. Kf2 f6 38. g4 g5 39. Kg3 Nd4 40. Ng1 Nb3 41. fxg5 hxg5 42. h4 gxh4+ 43. Kxh4 Nc5 44. g5 fxg5+ 45. Kxg5 Nxd3 46. Nf3 Ne5 47. Nh4 Nd3 48. Ng6 Kd4 49. Kf6 Nc5 50. Nf4 e5 51. Ne2+ Kd5 52. Nc3+ Kd6 1/2-1/2

[Event "Ouest Toulousain op-A 4th"]
[Site "Tournefeuille"]
[Date "2009.02.21"]
[Round "9"]
[White "Forgues, Fabien"]
[Black "Drenchev, Petar"]
[Result "1/2-1/2"]
[WhiteElo "2155"]
[BlackElo "2458"]
[PlyCount "81"]
[EventDate "2009.02.16"]
[EventType "swiss"]
[EventRounds "9"]
[EventCountry "FRA"]
[SourceTitle "CBM 128 Extra"]
[Source "ChessBase"]
[SourceDate "2009.03.05"]
[SourceVersion "2"]
[SourceVersionDate "2009.03.25"]
[SourceQuality "1"]

1. e4 g6 2. d4 Bg7 3. Nf3 d6 4. Be2 Nf6 5. Nc3 0-0 6. 0-0 b6 7. Re1 Bb7 8. Bf1 e6 9. b3 Nbd7 10. a4 a6 11. Qd2 h6 12. Ba3 Re8 13. Rad1 d5 14. Bd3 dxe4 15. Nxe4 Nxe4 16. Bxe4 Bxe4 17. Rxe4 Nf6 18. Ree1 Qd5 19. Qc1 Rad8 20. Qb1 Qb7 21. c3 Nd5 22. Qc2 Ne7 23. Rd2 Nf5 24. Red1 h5 25. Re1 Rc8 26. c4 Red8 27. Red1 Bh6 28. Rd3 Qe4 29. Qc3 Bg7 30. Qd2 Rd7 31. Re1 Qb7 32. Rd1 Rcd8 33. Bb2 Nxd4 34. Nxd4 c5 35. Qe3 cxd4 36. Bxd4 e5 37. Bc3 e4 38. Rxd7 Rxd7 39. Rd2 Rxd2 40. Qxd2 Bxc3 41. Qxc3 1/2-1/2

[Event "Ouest Toulousain op-A 4th"]
[Site "Tournefeuille"]
[Date "2009.02.17"]
[Round "3"]
[White "Cazes, Mathieu"]
[Black "Forgues, Fabien"]
[Result "0-1"]
[WhiteElo "1899"]
[BlackElo "2155"]
[PlyCount "74"]
[EventDate "2009.02.16"]
[EventType "swiss"]
[EventRounds "9"]
[EventCountry "FRA"]
[SourceTitle "CBM 128 Extra"]
[Source "ChessBase"]
[SourceDate "2009.03.05"]
[SourceVersion "2"]
[SourceVersionDate "2009.03.25"]
[SourceQuality "1"]

1. e4 e5 2. Nf3 Nc6 3. Bb5 a6 4. Ba4 Nf6 5. 0-0 Be7 6. Re1 b5 7. Bb3 d6 8. c3 0-0 9. h3 Re8 10. d4 Bf8 11. Nbd2 g6 12. a4 Rb8 13. axb5 axb5 14. d5 Ne7 15. Nf1 Bg7 16. Ng3 Bb7 17. Qd3 c6 18. dxc6 Bxc6 19. Bg5 Qc7 20. Be3 Rb7 21. Nd2 d5 22. Red1 b4 23. exd5 Nexd5 24. c4 Nxe3 25. Qxe3 e4 26. Ra2 Kh8 27. Ne2 Nd7 28. Nd4 Nc5 29. Bc2 Bd7 30. N2b3 f5 31. Nb5 Bxb5 32. Nxc5 f4 33. Qb3 Qxc5 34. cxb5 e3 35. fxe3 Rxe3 36. Qd5 Re1+ 37. Kh2 Qg1# 0-1

[Event "FRA-chT2 East 0809"]
[Site "France"]
[Date "2008.11.22"]
[Round "2.3"]
[White "Forgues, Fabien"]
[Black "Mohebbi, Jaffar"]
[Result "0-1"]
[WhiteElo "2168"]
[BlackElo "2302"]
[PlyCount "60"]
[EventDate "2008.10.19"]
[EventType "team-tourn"]
[EventRounds "11"]
[EventCountry "FRA"]
[SourceTitle "EXT 2010"]
[Source "ChessBase"]
[SourceDate "2010.11.25"]
[SourceVersion "1"]
[SourceVersionDate "2010.11.25"]
[SourceQuality "1"]
[WhiteTeam "Grenoble"]
[BlackTeam "Gambsheim"]
[WhiteTeamCountry "FRA"]
[BlackTeamCountry "FRA"]

1. e4 c5 2. Nf3 Nc6 3. d4 cxd4 4. Nxd4 e5 5. Nb5 d6 6. c4 Be7 7. N1c3 a6 8. Na3 f5 9. exf5 Bxf5 10. Bd3 Be6 11. 0-0 Nf6 12. Nc2 0-0 13. Nd5 Rc8 14. Nxf6+ Rxf6 15. Bg5 Rf7 16. Bxe7 Qxe7 17. b3 Rf4 18. Qe2 Rcf8 19. Be4 Qh4 20. f3 R8f6 21. Rad1 Rh6 22. g3 Qd8 23. Qd2 Qa5 24. Qe3 Bf5 25. Rd5 Qxa2 26. Bxf5 Rxf5 27. Rf2 Rff6 28. Qc3 Nd4 29. Nxd4 Qb1+ 30. Kg2 Rxh2+ 0-1

[Event "FRA-ch Accession"]
[Site "Pau"]
[Date "2008.08.12"]
[Round "1"]
[White "Terrieux, Kevin"]
[Black "Forgues, Fabien"]
[Result "1-0"]
[WhiteElo "2360"]
[BlackElo "2187"]
[PlyCount "47"]
[EventDate "2008.08.11"]
[EventType "swiss"]
[EventRounds "9"]
[EventCountry "FRA"]
[SourceTitle "CBM 126 Extra"]
[Source "ChessBase"]
[SourceDate "2008.11.05"]
[SourceVersion "1"]
[SourceVersionDate "2008.11.05"]
[SourceQuality "1"]

1. d4 Nf6 2. c4 e6 3. Nc3 Bb4 4. Qc2 c5 5. dxc5 Na6 6. a3 Bxc3+ 7. Qxc3 Nxc5 8. b4 Nce4 9. Qd4 d5 10. cxd5 Qxd5 11. Qxd5 Nxd5 12. f3 Nd6 13. e4 Nb6 14. Bf4 Ndc4 15. Rc1 e5 16. Bxc4 Nxc4 17. Rxc4 exf4 18. Ne2 g5 19. h4 g4 20. Nxf4 gxf3 21. gxf3 Bd7 22. Kf2 Be6 23. Rc5 a6 24. Rd1 1-0

[Event "FRA-ch U20"]
[Site "La Roche sur Yon"]
[Date "2008.04.25"]
[Round "7"]
[White "Achereiner, Guillaume"]
[Black "Forgues, Fabien"]
[Result "0-1"]
[WhiteElo "1991"]
[BlackElo "2162"]
[PlyCount "74"]
[EventDate "2008.04.21"]
[EventType "swiss"]
[EventRounds "9"]
[EventCountry "FRA"]
[SourceTitle "EXT 2010"]
[Source "ChessBase"]
[SourceDate "2010.11.25"]
[SourceVersion "1"]
[SourceVersionDate "2010.11.25"]
[SourceQuality "1"]

1. e4 e5 2. Nf3 Nc6 3. Bc4 Nf6 4. d3 Bc5 5. c3 d6 6. Nbd2 a6 7. Bb3 Be6 8. h3 h6 9. Nf1 Qd7 10. Ng3 0-0-0 11. Bxe6 fxe6 12. b4 Ba7 13. Be3 Bxe3 14. fxe3 g5 15. Nh2 h5 16. Rf1 Qe7 17. a3 g4 18. hxg4 hxg4 19. Rh1 Rh4 20. Nhf1 Nh5 21. Kd2 Rxh1 22. Nxh1 Qh4 23. Nfg3 Nxg3 24. Qe1 Qxh1 25. Qxh1 Nxh1 26. Rxh1 Rf8 27. Ke1 Kd7 28. Rh4 Rg8 29. Kf2 Ne7 30. Kg3 Ke8 31. Rxg4 Rxg4+ 32. Kxg4 Kf7 33. Kg5 Kg7 34. c4 c5 35. b5 a5 36. g3 Ng8 37. g4 Nf6 0-1

[Event "FRA-ch U20"]
[Site "La Roche sur Yon"]
[Date "2008.04.21"]
[Round "3"]
[White "Forgues, Fabien"]
[Black "Soyez, Cyril"]
[Result "1/2-1/2"]
[WhiteElo "2162"]
[BlackElo "2244"]
[PlyCount "51"]
[EventDate "2008.04.21"]
[EventType "swiss"]
[EventRounds "9"]
[EventCountry "FRA"]
[SourceTitle "EXT 2010"]
[Source "ChessBase"]
[SourceDate "2010.11.25"]
[SourceVersion "1"]
[SourceVersionDate "2010.11.25"]
[SourceQuality "1"]

1. e4 c5 2. Nf3 Nc6 3. d4 cxd4 4. Nxd4 g6 5. Nc3 Bg7 6. Be3 d6 7. Qd2 Nf6 8. f3 0-0 9. Bc4 Bd7 10. 0-0-0 Qa5 11. Bb3 Rfc8 12. Kb1 Ne5 13. h4 Nc4 14. Bxc4 Rxc4 15. Nb3 Qc7 16. Bd4 Be6 17. g4 a5 18. Nb5 Qd7 19. Na3 Rcc8 20. h5 a4 21. Nc1 b5 22. c3 Bc4 23. hxg6 fxg6 24. Qh2 Qe6 25. Ne2 Qf7 26. Rd2 1/2-1/2

[Event "FRA-chT2 East 0708"]
[Site "France"]
[Date "2008.03.16"]
[Round "9.1"]
[White "Forgues, Fabien"]
[Black "Camus, Berenger"]
[Result "0-1"]
[WhiteElo "2146"]
[BlackElo "2154"]
[PlyCount "64"]
[EventDate "2007.10.21"]
[EventType "team"]
[EventRounds "11"]
[EventCountry "FRA"]
[SourceTitle "EXT 2009"]
[Source "ChessBase"]
[SourceDate "2008.11.26"]
[SourceVersion "1"]
[SourceVersionDate "2008.11.26"]
[SourceQuality "1"]
[WhiteTeam "Grenoble"]
[BlackTeam "Reims"]
[WhiteTeamCountry "FRA"]
[BlackTeamCountry "FRA"]

1. e4 c5 2. Nf3 Nc6 3. d4 cxd4 4. Nxd4 Nf6 5. Nc3 e5 6. Ndb5 d6 7. Nd5 Nxd5 8. exd5 Nb8 9. c4 a6 10. Nc3 Be7 11. Be2 0-0 12. 0-0 f5 13. f4 Nd7 14. Kh1 Bf6 15. Qc2 exf4 16. Bxf4 Ne5 17. Rac1 Bd7 18. b4 Rc8 19. Qb3 Qe8 20. Rfe1 g5 21. Be3 f4 22. Bg1 Qg6 23. c5 Bf5 24. c6 b5 25. a4 g4 26. Rf1 f3 27. gxf3 gxf3 28. Rxf3 Nxf3 29. Bxf3 Bxc3 30. Rxc3 Be4 31. Bb6 Rxf3 32. Rxf3 Qg4 0-1

[Event "Creon op 12th"]
[Site "Creon"]
[Date "2007.08.05"]
[Round "9"]
[White "Forgues, Fabien"]
[Black "Delorme, Axel"]
[Result "0-1"]
[WhiteElo "2120"]
[BlackElo "2317"]
[PlyCount "96"]
[EventDate "2007.07.30"]
[EventType "swiss"]
[EventRounds "9"]
[EventCountry "FRA"]
[SourceTitle "CBM 119 Extra"]
[Source "ChessBase"]
[SourceDate "2007.09.04"]
[SourceVersion "1"]
[SourceVersionDate "2007.09.04"]
[SourceQuality "1"]

1. e4 c5 2. Nf3 d6 3. c3 Nf6 4. h3 b6 5. Bd3 Bb7 6. Qe2 Qc7 7. Bc2 Nbd7 8. d3 g6 9. Nbd2 Bg7 10. Nf1 Rc8 11. Ng3 0-0 12. 0-0 e5 13. Be3 d5 14. Rac1 b5 15. Bd2 Rfe8 16. Rfe1 c4 17. exd5 Bxd5 18. Ng5 Nc5 19. N5e4 cxd3 20. Nxf6+ Bxf6 21. Bxd3 Nxd3 22. Qxd3 Qc6 23. f3 Bh4 24. Ne4 Bxe1 25. Rxe1 Bxe4 26. Rxe4 Rcd8 27. Qe2 Qd5 28. Bg5 Qd1+ 29. Kf2 Qxe2+ 30. Kxe2 Rd5 31. a4 a5 32. axb5 Rxb5 33. Bc1 Rc8 34. Ra4 f6 35. Kd3 Rd5+ 36. Ke2 Rb8 37. Ra2 Kf7 38. Ra4 Ke6 39. Rh4 h5 40. Ra4 Rb7 41. Rc4 f5 42. Rc8 f4 43. c4 Rd4 44. c5 Rc4 45. Bd2 Rxb2 46. Ke1 Rbc2 47. c6 Rxd2 48. c7 Kd7 0-1

[Event "Creon op 12th"]
[Site "Creon"]
[Date "2007.07.31"]
[Round "2"]
[White "Sanduleac, Vasile"]
[Black "Forgues, Fabien"]
[Result "1-0"]
[WhiteElo "2431"]
[BlackElo "2120"]
[PlyCount "61"]
[EventDate "2007.07.30"]
[EventType "swiss"]
[EventRounds "9"]
[EventCountry "FRA"]
[SourceTitle "CBM 119 Extra"]
[Source "ChessBase"]
[SourceDate "2007.09.04"]
[SourceVersion "1"]
[SourceVersionDate "2007.09.04"]
[SourceQuality "1"]

1. e4 e5 2. Nf3 Nc6 3. Bc4 Nf6 4. d3 Bc5 5. c3 d6 6. Bb3 a6 7. Nbd2 Ba7 8. h3 Ne7 9. Nf1 Ng6 10. Ng3 h6 11. Be3 d5 12. Bxa7 Rxa7 13. exd5 Nxd5 14. 0-0 0-0 15. d4 exd4 16. Qxd4 Nb6 17. Qe4 Qf6 18. Rad1 Bd7 19. Rfe1 Nf4 20. Ne5 Be6 21. Bxe6 fxe6 22. Kh2 Qg5 23. Nd7 Nxd7 24. Rxd7 Qc5 25. Re3 Raa8 26. Rf3 e5 27. Nf5 Rf7 28. Rxf7 Kxf7 29. g3 Qd5 30. Rxf4 Qxe4 31. Rxe4 1-0

[Event "Creon op 11th"]
[Site "Creon"]
[Date "2006.08.04"]
[Round "7"]
[White "Delgado, Francisco"]
[Black "Forgues, Fabien"]
[Result "0-1"]
[WhiteElo "1790"]
[BlackElo "2111"]
[PlyCount "90"]
[EventDate "2006.07.31"]
[EventType "swiss"]
[EventRounds "9"]
[EventCountry "FRA"]
[SourceTitle "CBM 113 Extra"]
[Source "ChessBase"]
[SourceDate "2006.09.14"]
[SourceVersion "1"]
[SourceVersionDate "2006.09.14"]
[SourceQuality "1"]

1. d4 Nf6 2. Nf3 e6 3. c4 b6 4. g3 Ba6 5. Qc2 c5 6. Bg2 Nc6 7. d5 Nb4 8. Qb3 Bb7 9. a3 Na6 10. Nc3 exd5 11. cxd5 d6 12. 0-0 Nc7 13. e4 Be7 14. Be3 0-0 15. Rad1 b5 16. Nd2 Ng4 17. Nxb5 Nxe3 18. Nxc7 Qxc7 19. Qxe3 a5 20. Nc4 Ba6 21. Qd3 Bf6 22. Rd2 a4 23. f4 Bd4+ 24. Kh1 Rab8 25. Rb1 Rb3 26. Qc2 Bxc4 27. Qxc4 Qa5 28. Qe2 Rfb8 29. e5 dxe5 30. fxe5 Re3 31. Qd1 Rxe5 32. Re2 Rbe8 33. Rxe5 Rxe5 34. d6 Qa7 35. Qf3 Re6 36. Qc6 Qb8 37. Qc7 Qf8 38. d7 Bf6 39. Bh3 Re2 40. Rd1 Bd8 41. Qc8 Qe7 42. Bf1 Qe4+ 43. Kg1 Qe3+ 44. Kh1 Qf3+ 45. Kg1 Qf2+ 0-1

[Event "Creon op 11th"]
[Site "Creon"]
[Date "2006.08.01"]
[Round "2"]
[White "Forgues, Fabien"]
[Black "Chatalbashev, Boris"]
[Result "0-1"]
[WhiteElo "2111"]
[BlackElo "2507"]
[PlyCount "74"]
[EventDate "2006.07.31"]
[EventType "swiss"]
[EventRounds "9"]
[EventCountry "FRA"]
[SourceTitle "CBM 113 Extra"]
[Source "ChessBase"]
[SourceDate "2006.09.14"]
[SourceVersion "1"]
[SourceVersionDate "2006.09.14"]
[SourceQuality "1"]

1. e4 g6 2. d4 Bg7 3. Nc3 d6 4. Nf3 a6 5. a4 Nf6 6. Be2 0-0 7. 0-0 Nc6 8. h3 e5 9. dxe5 dxe5 10. Be3 Qe7 11. Nd5 Nxd5 12. exd5 Nd4 13. Nxd4 exd4 14. Bf4 Qc5 15. Qd2 Bf5 16. b4 Qxd5 17. c4 Qd7 18. Bf3 c6 19. g4 Be6 20. Rfc1 Rad8 21. Qd3 h6 22. Bg2 g5 23. Bg3 f5 24. f3 h5 25. b5 hxg4 26. fxg4 fxg4 27. h4 Bf5 28. Qd2 gxh4 29. Bxh4 d3 30. Ra2 Rde8 31. Re1 Bd4+ 32. Kh2 Qc7+ 33. Kh1 Qh7 34. Qg5+ Kh8 35. Rxe8 Rxe8 36. Kh2 g3+ 37. Kxg3 Rg8 0-1

[Event "FRA-ch U18"]
[Site "Aix les Bains"]
[Date "2006.04.??"]
[Round "7"]
[White "Forgues, Fabien"]
[Black "Liard, Thibaud"]
[Result "0-1"]
[WhiteElo "2115"]
[BlackElo "2121"]
[PlyCount "62"]
[EventDate "2006.04.??"]
[EventType "swiss"]
[EventRounds "8"]
[EventCountry "FRA"]
[SourceTitle "EXT 2007"]
[Source "ChessBase"]
[SourceDate "2006.11.23"]
[SourceVersion "1"]
[SourceVersionDate "2006.11.23"]
[SourceQuality "1"]

1. e4 c5 2. Nf3 d6 3. d4 cxd4 4. Nxd4 Nf6 5. Nc3 g6 6. Be3 Bg7 7. f3 0-0 8. Qd2 Nc6 9. Bc4 Bd7 10. 0-0-0 Rc8 11. Bb3 Ne5 12. Kb1 a5 13. a4 Nc4 14. Bxc4 Rxc4 15. b3 Rc8 16. g4 h5 17. h3 Qc7 18. Ndb5 Nxe4 19. Nxc7 Nxd2+ 20. Bxd2 Rxc7 21. Nd5 Rc5 22. Nxe7+ Kh7 23. Bf4 Re8 24. Bxd6 Rc3 25. Rhf1 b5 26. Bb4 axb4 27. Rxd7 bxa4 28. Nd5 Rc5 29. Nxb4 axb3 30. cxb3 Re2 31. Nd3 Ra5 0-1

[Event "FRA-ch U18"]
[Site "Aix les Bains"]
[Date "2006.04.??"]
[Round "4"]
[White "Forgues, Fabien"]
[Black "Vernay, Clovis"]
[Result "1-0"]
[WhiteElo "2115"]
[BlackElo "2293"]
[PlyCount "55"]
[EventDate "2006.04.??"]
[EventType "swiss"]
[EventRounds "8"]
[EventCountry "FRA"]
[SourceTitle "EXT 2007"]
[Source "ChessBase"]
[SourceDate "2006.11.23"]
[SourceVersion "1"]
[SourceVersionDate "2006.11.23"]
[SourceQuality "1"]

1. e4 c5 2. Nf3 e6 3. d4 cxd4 4. Nxd4 a6 5. Bd3 Bc5 6. Nb3 Ba7 7. c4 Nc6 8. Nc3 Qc7 9. Qe2 Ne5 10. 0-0 Ne7 11. Kh1 h5 12. f3 N7g6 13. f4 Ng4 14. e5 Ne7 15. Ne4 Nf5 16. c5 b6 17. Nbd2 bxc5 18. Nc4 d5 19. exd6 Qd8 20. Ng5 Nxd6 21. f5 Rh6 22. fxe6 fxe6 23. Bf4 Bb8 24. Rad1 Qe7 25. Nxd6+ Bxd6 26. Bxd6 Qxg5 27. Bb5+ axb5 28. Qxb5+ 1-0

[Event "FRA-ch U18"]
[Site "Aix les Bains"]
[Date "2006.04.??"]
[Round "1"]
[White "Goettelmann, Guillaume"]
[Black "Forgues, Fabien"]
[Result "0-1"]
[WhiteElo "1866"]
[BlackElo "2115"]
[PlyCount "60"]
[EventDate "2006.04.??"]
[EventType "swiss"]
[EventRounds "8"]
[EventCountry "FRA"]
[SourceTitle "EXT 2007"]
[Source "ChessBase"]
[SourceDate "2006.11.23"]
[SourceVersion "1"]
[SourceVersionDate "2006.11.23"]
[SourceQuality "1"]

1. d4 Nf6 2. Nf3 e6 3. c4 b6 4. Nc3 Bb7 5. e3 Bb4 6. Bd2 0-0 7. Bd3 Bxc3 8. Bxc3 Ne4 9. Bb4 d6 10. 0-0 a5 11. Ba3 f5 12. Nd2 Nxd2 13. Qxd2 Nc6 14. Rfd1 Qf6 15. c5 dxc5 16. dxc5 Ne5 17. Bf1 Nf3+ 18. gxf3 Bxf3 19. h3 Qg5+ 20. Kh2 Rf6 21. Qd8+ Rxd8 22. Rxd8+ Kf7 23. cxb6 Qh4 24. Rd2 cxb6 25. Rc1 Bd5 26. Rc7+ Kg6 27. Be7 Qe4 28. Bxf6 Qh1+ 29. Kg3 Qg1+ 30. Kf4 Qh2# 0-1

[Event "Mont de Marsan op"]
[Site "Mont de Marsan"]
[Date "2005.12.28"]
[Round "5"]
[White "Del Rio, David"]
[Black "Forgues, Fabien"]
[Result "0-1"]
[WhiteElo "1660"]
[BlackElo "2113"]
[PlyCount "136"]
[EventDate "2005.12.26"]
[EventType "swiss"]
[EventRounds "7"]
[EventCountry "FRA"]
[SourceTitle "CBM 110 Extra"]
[Source "ChessBase"]
[SourceDate "2006.03.10"]
[SourceVersion "2"]
[SourceVersionDate "2006.03.10"]
[SourceQuality "1"]

1. e4 e5 2. d4 exd4 3. Qxd4 Nc6 4. Qe3 b6 5. Nc3 Bb7 6. Bd2 Bc5 7. Qg3 Nge7 8. 0-0-0 Ng6 9. f4 d6 10. Nf3 Qd7 11. a3 Nd4 12. f5 Nxf3 13. gxf3 Ne7 14. Qxg7 0-0-0 15. Qh6 Kb8 16. Bh3 Qc6 17. Bg5 d5 18. Nxd5 Qxh6 19. Bxh6 Nxd5 20. exd5 Rxd5 21. Rxd5 Bxd5 22. Bg4 Kb7 23. h4 f6 24. Re1 Rg8 25. h5 Bd6 26. Bd2 Be5 27. b4 Kc6 28. c3 Bc4 29. Kc2 Rd8 30. f4 Bd6 31. Bf3+ Kd7 32. a4 c6 33. Be2 Bf7 34. Bf3 Rg8 35. b5 c5 36. Bc6+ Kc7 37. Rh1 h6 38. Bf3 Bc4 39. Bc6 a6 40. Re1 Bf7 41. Rh1 a5 42. Bf3 Rg3 43. Bc6 Bc4 44. Rh2 Bd3+ 45. Kb2 Bxf5 46. Rg2 Rxg2 47. Bxg2 Bg4 48. f5 Bf8 49. Bf4+ Kc8 50. Be4 Bxh5 51. Bd5 Be8 52. Kc2 Bd7 53. Be6 Bxe6 54. fxe6 c4 55. Kd2 f5 56. Ke3 Bc5+ 57. Kf3 Kd8 58. Bxh6 Ke7 59. Be3 Bxe3 60. Kxe3 Kxe6 61. Kf4 Kf6 62. Kf3 Ke5 63. Ke3 f4+ 64. Kf3 Kf5 65. Kf2 Ke4 66. Ke2 f3+ 67. Kd2 Kf4 68. Ke1 Ke3 0-1

[Event "France-ch U16"]
[Site "Reims"]
[Date "2004.04.25"]
[Round "9"]
[White "Monsieux, Cyril"]
[Black "Forgues, Fabien"]
[Result "1-0"]
[WhiteElo "2156"]
[BlackElo "1979"]
[PlyCount "71"]
[EventDate "2004.04.??"]
[EventType "swiss"]
[EventRounds "9"]
[EventCountry "FRA"]
[SourceTitle "EXT 2005"]
[Source "ChessBase"]
[SourceDate "2004.11.15"]
[SourceVersion "1"]
[SourceVersionDate "2004.11.15"]
[SourceQuality "1"]

1. e4 e5 2. Nf3 Nc6 3. Bc4 Bc5 4. c3 Nf6 5. d4 exd4 6. e5 d5 7. Bb5 Ne4 8. cxd4 Bb4+ 9. Bd2 Nxd2 10. Bxc6+ bxc6 11. Nbxd2 c5 12. a3 Bxd2+ 13. Qxd2 cxd4 14. Qxd4 0-0 15. 0-0 c6 16. Rac1 Bb7 17. Qf4 Qb6 18. Nd4 Rfe8 19. Nf5 Qc7 20. Nd6 Re6 21. Qd4 Qe7 22. f4 f6 23. Qc3 Rf8 24. Nf5 Qe8 25. Nd4 Re7 26. e6 f5 27. Rfe1 Rf6 28. Re5 Qh5 29. Qb4 Qe8 30. Qd6 g6 31. Rce1 Rf8 32. Rc1 Rf6 33. b4 a6 34. Re3 Kg7 35. Qe5 Qc8 36. Nxf5+ 1-0